[Event "Arab-ch U20"]
[Site "Abu Dhabi"]
[Date "2015.01.07"]
[Round "6"]
[White "Chahrour, Ibrahim"]
[Black "Sattar J Al Isawi, Abdullah"]
[Result "1/2-1/2"]
[WhiteElo "2259"]
[BlackElo "1910"]
[PlyCount "48"]
[EventDate "2015.01.04"]
[EventType "swiss"]
[EventRounds "9"]
[EventCountry "UAE"]
[SourceTitle "CBM 164 Extra"]
[Source "ChessBase"]
[SourceDate "2015.03.02"]
[SourceVersion "1"]
[SourceVersionDate "2015.03.02"]
[SourceQuality "1"]

1. e4 e5 2. Nf3 Nc6 3. d4 exd4 4. Bc4 d6 5. Nxd4 Nf6 6. Nc3 Be7 7. 0-0 0-0 8. h3 Nxd4 9. Qxd4 c6 10. a4 Be6 11. Bxe6 fxe6 12. e5 Nd5 13. exd6 Bxd6 14. Ne4 Bc7 15. c4 Nf4 16. Qxd8 Raxd8 17. Bxf4 Rxf4 18. f3 Be5 19. Rab1 Kh8 20. Kh1 Kg8 21. Kg1 Kh8 22. Kh1 Kg8 23. Kg1 Kh8 24. Kh1 Kg8 1/2-1/2

[Event "Arab-ch U20"]
[Site "Abu Dhabi"]
[Date "2015.01.07"]
[Round "5"]
[White "Sattar J Al Isawi, Abdullah"]
[Black "Meftahi, Houssem"]
[Result "0-1"]
[WhiteElo "1910"]
[BlackElo "2026"]
[PlyCount "50"]
[EventDate "2015.01.04"]
[EventType "swiss"]
[EventRounds "9"]
[EventCountry "UAE"]
[SourceTitle "CBM 164 Extra"]
[Source "ChessBase"]
[SourceDate "2015.03.02"]
[SourceVersion "1"]
[SourceVersionDate "2015.03.02"]
[SourceQuality "1"]

1. e4 c5 2. Nf3 Nc6 3. d4 cxd4 4. Nxd4 Nf6 5. Nc3 e5 6. Nf3 Bb4 7. Bd3 d5 8. exd5 Nxd5 9. Bd2 Bxc3 10. bxc3 0-0 11. Ng5 g6 12. h4 Nf4 13. Be4 h6 14. Qf3 hxg5 15. hxg5 Qxg5 16. g3 Bg4 17. Qe3 Rfe8 18. Kf1 Qf6 19. f3 Nh5 20. Kg2 Bf5 21. Rh4 Rad8 22. Rah1 Bxe4 23. fxe4 Rd6 24. Bc1 Red8 25. Rg4 Rd1 0-1